| 000 | 00742nam a2200181Ia 4500 | ||
|---|---|---|---|
| 003 | GCL | ||
| 008 | 140319s9999 xx 000 0 ara d | ||
| 040 |
_aGCL / _cGCL |
||
| 082 | 0 | 4 |
_aق _b962 _bز ت |
| 100 | 1 | _aزكريا سليمان بيومى | |
| 245 | 1 | 0 |
_aالتيارات السياسية والاجتماعية بين المجددين والمحافظين دراسة تاريخية فى الشيخ محمد عبده / _cزكريا سليمان بيومى |
| 260 |
_a[S.N] : _bالهيئة المصرية العامة للكتاب ، _c1983 |
||
| 300 | _a137 ص | ||
| 490 |
_aمركز وثائق وتاريخ مصر المعاصر _v0 |
||
| 650 | 0 | 4 | _aمصر |
| 650 | 0 | 4 | _aالمصلحون غير السلفيين |
| 942 |
_2ddc _cBK |
||
| 999 |
_c52402 _d52402 |
||